000 00543nam a2200169 a 4500
005 20220825113152.0
008 991125s1980 mx 000 0 spa u
035 _aUPN01000001533
049 _aCG
050 4 _aPQ7297 R386
_bA4
245 0 0 _aAlfonso Reyes :
_binstrumentos para su estudio /
_ccomp. José Angel Rendón Hernández.
260 _aMonterrey :
_bUANL,
_c1980.
300 _a173 p.
600 1 7 _aReyes, Alfonso,
_d1889-1959
_xCrítica e interpretación
_2
_923778
700 1 _aRendón Hernández, José Angel,
_ecomp.
905 _aLibro
999 _c1533
_d1533